Condicionamiento y aprendizaje

Saved in:
Bibliografiske detaljer
Main Authors: Hilgard, Ernest Ropiequet (Author), Marquis, D. G (Author), Kimble, Greogory A (Author)
Format: Bog
Sprog:spansk
Udgivet: Ciudad de México Trillas 1972
Serier:Biblioteca Técnica de psicología
Fag:
Tags: Tilføj Tag
Ingen Tags, Vær først til at tagge denne postø!

MARC

LEADER 00000nam a2200000 a 4500
001 UCW4504
003 CL-VaPUC
008 900426e19720000MX |||||||||||||||||spa|d
082 0 4 |a 152.3224  |b HIL  |2 21 
100 |a Hilgard, Ernest Ropiequet  |e author  |9 334637 
700 0 |a Marquis, D. G  |e author  |9 309273 
700 0 |a Kimble, Greogory A  |e author  |9 309274 
245 1 0 |a Condicionamiento y aprendizaje 
300 |a 648 p 
942 |c BK 
945 |d 19900426 00:00:00 
260 |a Ciudad de México  |b Trillas  |c 1972 
650 7 |a REFLEJOS CONDICIONADOS  |2 CL-VaPUC  |9 308436 
650 0 |a Psicología del aprendizaje  |9 306854 
583 |a last modification  |c 19900426 00:00:00  |k Rodrigo Vera 
490 0 |a Biblioteca Técnica de psicología 
999 |c 218227  |d 218225 
952 |0 0  |1 0  |4 0  |6 152_322400000000000_HIL_1972  |7 0  |8 A  |9 207357  |a BIBEDU  |b BIBEDU  |d 2019-11-15  |i 275133K  |o 152.3224 HIL 1972  |p 275133K  |r 2019-11-15  |w 2019-11-15  |y BK  |k EDU 
952 |0 0  |1 0  |4 0  |6 152_322400000000000_HIL_1972  |7 0  |8 A  |9 207358  |a BIBEDU  |b BIBEDU  |d 2019-11-15  |i 1560557  |o 152.3224 HIL 1972  |p 1560557  |r 2019-11-15  |w 2019-11-15  |y BK  |k EDU 
952 |0 0  |1 0  |4 0  |6 152_322400000000000_HIL_1972  |7 0  |8 A  |9 207359  |a BIBEDU  |b BIBEDU  |d 2019-11-15  |i 1560565  |o 152.3224 HIL 1972  |p 1560565  |r 2019-11-15  |w 2019-11-15  |y BK  |k EDU